LDR 00967naa#a2200181#i#450# 001 RU\\bibl\121255 005 20260502034419.6 011 ## _a1994-4683 100 ## _a20230803b2023####ek#y0rusy0150####ca 102 ## _aRU 200 1# _aСОВЕРШЕНСТВОВАНИЕ ТЕХНИЧЕСКОГО МАСТЕРСТВА ВЫСОКОКВАЛИФИЦИРОВАННЫХ БЕГУНОВ НА 100 И 200 МЕТРОВ _eЖурнальная статья 210 1# _aМосква _cНациональный государственный Университет физической культуры, спорта и здоровья им. П.Ф. Лесгафта _d2023 215 ## _a4 с. 608 ## _aЖурнальная статья _2local 675 ## _aБег на короткие дистанции (до 1000 м). Спринтерский бег, например,. 796.422.12 _z 700 #1 _aБаландин _gС И 700 #1 _aБаландина _gИ Ю 856 4# _auchzapiski.lesgaft.spb.ru _u